000 00538nam a22001937a 4500
003 KOHA_MİRAKIL
005 20251125111649.0
008 251125b tu ||||| |||| 00| 0 tur d
020 _a9789759959913
040 _aTR-AnABB
_btur
_cTR-AnABB
041 _atur
082 _a813.32
_bAHM 2019
100 _aAhmet Mithat Efendi,
_d1844-1912
245 1 0 _aVah /
_cAhmet Mithat Efendi
260 _aİstanbul :
_bDergah Yayınları,
_c2019
300 _a262 sayfa ;
_c21 cm
650 0 4 _aTürk edebiyatı, roman
942 _2ddc
_cBK
999 _c9620
_d9620
900 _bGizem YORULMAZ